Capitale de 20 pays #1 - Statistiques

Statistiques générales
  • Ce quiz a été pris 219 fois
  • Le résultat moyen est 18 sur 20
Statistiques - réponses
Pays Capitale % Correct
Allemagne Berlin
100%
Portugal Lisbonne
99%
Mexique Mexico
98%
Japon Tokyo
98%
Espagne Madrid
97%
Russie Moscou
97%
Tunisie Tunis
96%
Brésil Brasilia
94%
Grèce Athènes
93%
Maroc Rabat
93%
Australie Canberra
92%
Argentine Buenos Aires
91%
Turquie Ankara
90%
Inde New Delhi
90%
Pologne Varsovie
90%
Danemark Copenhague.
89%
Suède Stockholm
86%
Chili Santiago
76%
Mali Bamako
65%
Ouganda Kampala
23%
Aucun quiz correspondant
Distribution des résultats
% des personnes avec chaque résultat
Percentile par nombre de réponses
Votre historique - résultats
Vous n’avez pas pris ce quiz